00292cam a22001097a 4500008004000000082001600040100001800056245004900074260003100123300001000154650001800164180718b1970 xxu||||| |||| 00| 0 eng d aQ813x54 P17 aPakrasi, K.B. aFemale infanticide in Indiacby K.B. Pakrasi aCalcuttabS. Ghatackc1970 a304p. aCrime - India